Football Teams by Stadium Name #3 - Statistics

General Stats
  • This quiz has been taken 42 times
  • The average score is 6 of 12
Answer Stats
Stadium Football Club(s) % Correct
Etihad Stadium Manchester City
97%
Estadio Santiago Bernabéu Real Madrid
87%
Signal Iduna Park Borussia Dortmund
76%
Orange Vélodrome Marseille
66%
Stadio Olimpico Roma, Lazio
66%
Estádio da Luz Benfica
61%
Stadium of Light Sunderland
61%
Parken FC København
39%
Mâs Monumental River Plate
29%
Gillette Stadium NE Revolution
21%
Jan Breydel Stadion Club Brugge, Cercle Brugge
18%
Fortuna Arena Slavia Prague
16%
No matching quizzes found
Score Distribution
Percent of People with Each Score
Percentile by Number Answered
Your Score History
You have not taken this quiz